Les voyages de noces, désirs et réalités - Statistiques

Statistiques générales
  • Ce quiz a été pris 93 fois
  • Le résultat moyen est 17 sur 30
Statistiques - réponses
Hint Réponse % Correct
Voyage de noces réalisé 3 Espagne
92%
Voyage de noces idéal 14 Italie
92%
Voyage de noces réalisé 1 Italie
92%
Voyage de noces réalisé 4 France
88%
Voyage de noces idéal 15 Etats-Unis
84%
Voyage de noces réalisé 13 Etats-Unis
84%
Voyage de noces réalisé 14 Canada
81%
Voyage de noces idéal 1 Maldives
78%
Voyage de noces idéal 13 Grèce
73%
Voyage de noces réalisé 2 Grèce
73%
Voyage de noces idéal 11 Bali | Indonésie
65%
Voyage de noces réalisé 7 Bali | Indonésie
65%
Voyage de noces idéal 3 Seychelles
65%
Voyage de noces réalisé 10 Seychelles
65%
Voyage de noces idéal 5 Cuba
60%
Voyage de noces réalisé 9 Cuba
60%
Voyage de noces idéal 9 Bahamas
58%
Voyage de noces idéal 12 Maurice
43%
Voyage de noces réalisé 8 Maurice
43%
Voyage de noces réalisé 11 La Réunion
40%
Voyage de noces idéal 4 République dominicaine
40%
Voyage de noces réalisé 5 République dominicaine
40%
Voyage de noces idéal 6 Guadeloupe
39%
Voyage de noces réalisé 6 Guadeloupe
39%
Voyage de noces idéal 10 Hawaï
39%
Voyage de noces réalisé 15 Costa Rica
34%
Voyage de noces idéal 8 Barbade
18%
Voyage de noces réalisé 12 Polynésie française
18%
Voyage de noces idéal 7 Sainte-Lucie
13%
Voyage de noces idéal 2 Bora-Bora [ Polynésie française
0%
Aucun quiz correspondant
Distribution des résultats
% des personnes avec chaque résultat
Percentile par nombre de réponses
Votre historique - résultats
Vous n’avez pas pris ce quiz